000 00576nam a2200145 a 4500
001 000045976
005 20201002052546.0
008 150605s2008 dr a 000 0 spa d
040 _aDO-SdBNP
_bspa
_cBNPHU
245 0 3 _aEl alcázar de Colón :
_bvisto por los niños dominicanos /
_cdirectora del museo Vicky Jácquez de Stanley ; dirección general de museos Luisa de Peña.
260 _aSanto Domingo :
_bSecretaría de Estado de Cultura,
_c2008.
300 _a[66] p.
700 1 _aJácquez de Stanley, Vicky
_edir. museo
_974046
700 1 _aPeña, Luisa de
_edir. gen.
_974047
999 _c45465
_d45465